Violencia familiar, trabajo social e instituciones (Record no. 42163)

MARC details
000 -LEADER
fixed length control field 00600nam a22001817a 4500
008 - FIXED-LENGTH DATA ELEMENTS--GENERAL INFORMATION
fixed length control field 130926t mx||||| |||| 00| 0 spa d
020 ## - INTERNATIONAL STANDARD BOOK NUMBER
International Standard Book Number 950124511X
050 04 - LIBRARY OF CONGRESS CALL NUMBER
Classification number HV6626
Item number T48 2001
100 1# - MAIN ENTRY--PERSONAL NAME
Personal name Teubal, Ruth
245 10 - TITLE STATEMENT
Title Violencia familiar, trabajo social e instituciones
Statement of responsibility, etc Ruth Teubal ; colab. Susana Abal...[et al]
260 ## - PUBLICATION, DISTRIBUTION, ETC. (IMPRINT)
Place of publication, distribution, etc Buenos Aires, Argentina :
Name of publisher, distributor, etc Paidós
Date of publication, distribution, etc 2001
300 ## - PHYSICAL DESCRIPTION
Extent 271 p.
Dimensions 21 cm.
440 #0 - SERIES STATEMENT/ADDED ENTRY--TITLE
Title Temas sociales
Number of part/section of a work No.11
504 ## - BIBLIOGRAPHY, ETC. NOTE
Bibliography, etc Incluye bibliografía
650 #4 - SUBJECT ADDED ENTRY--TOPICAL TERM
Topical term or geographic name as entry element Violencia familiar
General subdivision Trabajo social
700 1# - ADDED ENTRY--PERSONAL NAME
Personal name Abad, Susana, colab.... [ et al. ].
942 ## - ADDED ENTRY ELEMENTS (KOHA)
Source of classification or shelving scheme Clasificación Decimal Dewey
Koha item type Libro
Holdings
Estado de pérdida Fuente de clasificación Estado del daño No para préstamo Ubicación permanente Ubicación actual Apartado o colección Fecha de adquisición Fuente de adquisición Enumeración de Serie / Cronológica Dependencia de educación superior (DES) Área del conocimiento Clasificación Código de Barras Date last seen Número de copia Tipo de recurso Edición Costo por reposición
  Biblioteca del Cogreso de los Estados Unidos     Biblioteca de la Facultad de Psicología Biblioteca de la Facultad de Psicología General 26/09/2013   BFP000004079     HV6626 T48 2001 BFP000004079 26/09/2013 1 Libro    
  Biblioteca del Cogreso de los Estados Unidos     Biblioteca de la Unidad de Ciencias Ingeniería y Humanidades Biblioteca de la Unidad de Ciencias Ingeniería y Humanidades General 10/12/2019       Ciencias Sociales y Administrativas HV6626 T48 2005 BCU000009142 10/12/2019 1 Libro 1a. ed. 1.00
  Biblioteca del Cogreso de los Estados Unidos     Biblioteca de la Unidad de Ciencias Ingeniería y Humanidades Biblioteca de la Unidad de Ciencias Ingeniería y Humanidades General 10/12/2019       Ciencias Sociales y Administrativas HV6626 T48 2005 BCU000009143 10/12/2019 2 Libro 1a. ed. 1.00
  Biblioteca del Cogreso de los Estados Unidos     Biblioteca de la Unidad de Ciencias Ingeniería y Humanidades Biblioteca de la Unidad de Ciencias Ingeniería y Humanidades General 10/12/2019       Ciencias Sociales y Administrativas HV6626 T48 2005 BCU000009144 10/12/2019 3 Libro 1a. ed. 1.00